Library of the University of Algiers 3
Ibrahim Sultan Cheibout
شعار جامعة الجزائر 3
مكتبة جامعة الجزائر 3
إبراهيم سلطان شيبوط

عقد الترخيص / (رقم التسجيلة. 45983)

تفاصيل مارك
000 -LEADER
fixed length control field 02679nam a2200205Ia 4500
003 - CONTROL NUMBER IDENTIFIER
control field Ost
005 - DATE AND TIME OF LATEST TRANSACTION
control field 20260507075726.0
008 - FIXED-LENGTH DATA ELEMENTS--GENERAL INFORMATION
fixed length control field 260507s9999||||xx |||||||||||||| ||und||
040 ## - CATALOGING SOURCE
Transcribing agency fsecg
041 ## - LANGUAGE CODE
Language code of text/sound track or separate title ara
082 ## - DEWEY DECIMAL CLASSIFICATION NUMBER
Classification number 346.02
100 ## - MAIN ENTRY--PERSONAL NAME
Personal name الجبوري، علاء عزيز حميد
Relator term مؤلف
245 #0 - TITLE STATEMENT
Title عقد الترخيص /
Statement of responsibility, etc. علاء عزيز حميد الجبوري
260 ## - PUBLICATION, DISTRIBUTION, ETC.
Place of publication, distribution, etc. عمان:
Name of publisher, distributor, etc. الدار العلمية الدولية للنشر والتوزيع ودار الثقافة للنشر والتوزيع,
Date of publication, distribution, etc. 2003
300 ## - PHYSICAL DESCRIPTION
Extent 213 صفحة؛
Dimensions 24 سم
520 ## - SUMMARY, ETC.
Summary, etc. المقدمة-الفصل التمهيدي : مفهوم عقد الترخيص : الفرع الأول : التعريف بعقد الترخيص : المبحث الأول : محل عقد الترخيص : المبحث الثاني : خصائص محل عقد الترخيص وحمايته والرقابة على مدى استغلاله : الفرع الثاني : معطيات عقد الترخيص : المبحث الأول : سمات عقد الترخيص : المبحث الثاني : تمييز عقد الترخيص عن غيره من المراكز القانونية : الفرع الثالث : أطراف عقد الترخيص : المبحث الأول : المرخص : المبحث الثاني : المرخص له-الفصل الأول : إبرام عقد الترخيص : الفرع الأول : مرحلة التفاوض : المبحث الأول : بدء المفاوضات وضماناتها : الفرع الثاني : الإبرام النهائي لعقد الترخيص : المبحث الأول : إعداد عقد الترخيص-الفصل الثاني : آثار عقد الترخيص : الفرع الأول : حقوق المرخص والتزاماته : المبحث الأول : حقوق المرخص : المبحث الثاني : التزامات المرخص : الفرع الثاني : حقوق المرخص له والتزاماته : المبحث الاول : حقوق المرخص له : المبحث الثاني : التزامات المرخص له-الفصل الثالث : تسوية المنازعات في عقد الترخيص : الفرع الأول : المطالبة القضائية والقانون الواجب التطبيق : الفرع الثاني : التحكيم لتسوية منازعات عقد الترخيص-الفصل الرابع : انقضاء عقد بصفة أصلية : الفرع الأول : انقضاء عقد الترخيص بصفة اصلية : الفرع الثاني : انقضاء عقد الترخيص بصفة تبعية-الخاتمة.
653 ## - INDEX TERM--UNCONTROLLED
Uncontrolled term التراخيص
653 ## - INDEX TERM--UNCONTROLLED
Uncontrolled term العقود
942 ## - ADDED ENTRY ELEMENTS (KOHA)
Koha item type كتب
المقتنيات
Withdrawn status Lost status Source of classification or shelving scheme Damaged status Not for loan Home library Current library Date acquired Serial enumeration / chronology Inventory number Total checkouts Full call number Barcode Date last seen Price effective from Koha item type
    Library of Congress Classification   NOT LOAN / إعارة داخلية مكتبة كلية العلوم الإقتصادية والعلوم التجارية وعلوم التسيير مكتبة كلية العلوم الإقتصادية والعلوم التجارية وعلوم التسيير 07/05/2026 الطابق الأرضي 1122/1   أ/1122ن1 1122/1 07/05/2026 07/05/2026 كتب
    Dewey Decimal Classification   Available مكتبة كلية العلوم الإقتصادية والعلوم التجارية وعلوم التسيير مكتبة كلية العلوم الإقتصادية والعلوم التجارية وعلوم التسيير 07/05/2026 الطابق الثاني 1122/2   أ/1122ن2 1122/2 07/05/2026 07/05/2026 كتب

موارد الويب المفتوحة


© University of Algiers 3 All Rights Reserved
|
Implemented by LECHELAH Riad